000 00593nam a22002177a 4500
003 UA-OsUOA
001 130513
007 ta
008 20180504b un ||||| |||| 00| 0 ukr d
090 _a821.161.2
_bА50
942 _cBK
040 _aUA-OsUOA
_bukr
_cUA-OsUOA
_dUA-OsUOA
245 _aАлла! Алла! Алилуя!..
_bзбірка
300 _a80 с.
955 _a3
041 _aukr
080 _a821.161.2
260 _aДонецьк
_bЦентр Діскавері
_c2007
650 7 _a82 Література. Літературознавство
_2UDC
999 _c418573
_d418573